Historia de la literatura americana en lengua española

Tallennettuna:
Bibliografiset tiedot
Päätekijä: Bazin, Robert (Tekijä)
Aineistotyyppi: Kirja
Kieli:espanja
Julkaistu: Buenos Aires Nova 1963
Painos:2a. ed
Sarja:Biblioteca Arte y Ciencia de la Expresión
Aiheet:
Tagit: Lisää tagi
Ei tageja, Lisää ensimmäinen tagi!

MARC

LEADER 00000nam a2200000 a 4500
001 UCT7370
003 CL-VaPUC
008 970117e19630000AG |||||||||||||||||spa|d
082 0 4 |a 860.9  |b BAZ  |2 21 
100 0 |a Bazin, Robert  |e author  |9 378309 
245 1 0 |a Historia de la literatura americana en lengua española 
250 |a 2a. ed 
300 |a 368 p 
942 |c BK 
945 |d 19970117 00:00:00  |a nastorga 
260 |a Buenos Aires  |b Nova  |c 1963 
650 0 |a Literatura hispanoamericana  |9 269097 
650 0 |a Historia y crítica   |9 257407 
650 0 |a Poesía   |9 265825 
650 0 |a Sátira  |9 313713 
650 7 |a COSTUMBRISMO  |2 CL-VaPUC  |9 376965 
650 0 |a Novela   |9 313705 
650 0 |a Escritores  |9 313723 
650 0 |a Poetas   |9 357515 
650 0 |a Romanticismo en la literatura  |9 313777 
650 0 |a Modernismo  |9 267987 
650 0 |a Teatro  |9 265385 
583 |a last modification  |c 19970117 00:00:00  |k Rodrigo Vera 
490 0 |a Biblioteca Arte y Ciencia de la Expresión 
999 |c 255997  |d 255995 
952 |0 0  |1 0  |4 0  |6 860_900000000000000_BAZ_1963  |7 0  |8 A  |9 278510  |a BIBEDU  |b BIBEDU  |d 2019-11-19  |i 3270076  |o 860.9 BAZ 1963  |p 3270076  |r 2019-11-19  |w 2019-11-19  |y BK  |k LIT